| 000 | 01919nam a2200229Ia 4500 | ||
|---|---|---|---|
| 003 | Ost | ||
| 005 | 20260507075714.0 | ||
| 008 | 260507s9999||||xx |||||||||||||| ||und|| | ||
| 020 | _a9789931602279 | ||
| 040 | _cfsecg | ||
| 041 | _aara | ||
| 082 | _a657.45 | ||
| 100 |
_aأقاسم، عمر _eمؤلف |
||
| 245 | 0 |
_aالتدقيق الخارجي ومحافظ الحسابات في الجزائر / _c عمر أقاسم |
|
| 260 |
_aالجزائر: _bدار الكتاب العربي, _c2016 |
||
| 300 |
_a208 صفحة؛ _bإيضاحات ؛ _c24 سم |
||
| 504 | _aمراجع ص.191 | ||
| 520 | _aاستهل هاذا الكتاب بماهية التدقيق الخارجي من خلال مفهوم المراجعة الخارجية ، أهدافها ، أنواعها ومسؤوليات المراجع الخارجي، منهجية المراجعة الخارجية، تقييم نظام الرقابة الداخلية، إعداد التقرير وملفات العمل، واقع مهنة التدقيق الخارجي في الجزائر ، النصوص القانونية المنظمة لمهنة التدقيق، التغييرات الهيكلية للمنظمات المهنية في الجزائر من خلال الهيكلة الجديدة للمجلس الوطني للمحاسبة، دور ومهام المنظمات المهنية في ظل الإصلاح المحاسبي في الجزائر، ضوابط مهنة محافظ الحسابات في الجزائر، الخصائص العامة المتعلقة بها ومنهجية عمل محافظ الحسابات وفق الاجتهادات المهنية في الجزائر، أتعاب المراجع وآداب وسلوك المهنة والمعايير الدولية والمحلية لإعداد تقرير محافظ الحسابات. | ||
| 653 | _aالمحاسبة | ||
| 653 | _aمراجعة الحسابات | ||
| 942 | _cكتاب | ||
| 999 |
_c45912 _d45912 |
||